[Event "10th SC 1400/1800"]
[Site "SchemingMind.com"]
[Date "2006.06.01"]
[Round "-"]
[White "eregatky"]
[Black "alejandroales"]
[Result "1-0"]
[WhiteCountry "ARG"]
[BlackCountry "ARG"]
[WhiteElo "1873"]
[WhiteRD "130"]
[BlackElo "1687"]
[BlackRD "70"]
[GameID "50906"]

1. e4 e5 2. Nf3 Nc6 3. Bb5 f5 4. d3 fxe4 5. dxe4 Nf6 6. O-O d6 7. Nc3 Be7 8. a3 O-O 9. Bc4+ Kh8 10. Be3 Ng4
11. Nd5 Qe8 12. Nxc7 Qg6 13. Nxa8 Qh5 14. Re1 Na5 15. Be2 Rxf3 16. Bxf3
1-0